000 00656nam a2200193 i 4500
001 34617
003 ES-MaACL
005 20250804061421.0
007 t|
008 030207s1982 sp ||||1| spa d
100 1 _aBonilla y Mir, José Antonio.
_930191
245 1 3 _aEl Tratado de Paz de 1481 entre Castilla y Granada /
_cJosé Antonio Bonilla y Mir y Enrique Toral Peñaranda.
260 _a[Jaén] :
_bInstituto de Estudios Giennenses,
_c[1982]
300 _a63 p. ;
_c24 cm.
700 1 _aToral Peñaranda, Enrique.
_9110612
710 2 0 _aInstituto de Estudios Giennenses
_94904
852 _aES-MaACL
_jL-3351
_bR.104257
999 _c34617
_d34617